000 00819nam a22002537a 4500
003 OSt
005 20250711060703.0
008 250701b |||||||| |||| 00| 0 eng d
020 _a9716857757
040 _aDWCL - Main lib
_cOC
082 _aFil. 371.102 L933f 2014
100 _aLucas, Maria Rita D.
245 _aFacilitating learning :
_b a metacognitive process/
_cMaria Rita D. Lucas
250 _a Fourth edition.
260 _aQuezon City :
_bLorimar Publishing,
_cc2014.
300 _axiv, 290 pages :
_b illustrations ;
_c25 cm.
504 _aIncludes bibliographical references.
650 _a1. Educational innovations.
650 _a2. Effective teaching.
650 _a3. Learning.
650 _a4. Teaching.
700 _aBrenda B. Corpuz
942 _2ddc
_cBK - FIL
_eFourth edition.
_kFil.
_n0
999 _c3328
_d3328